[Event "Nordic-ch Seniors"]
[Site "Helsingor"]
[Date "2007.07.24"]
[Round "4"]
[White "Olesen, Holger Vestergaard"]
[Black "Akvist, Hakan"]
[Result "0-1"]
[WhiteElo "1996"]
[BlackElo "2161"]
[PlyCount "84"]
[EventDate "2007.07.21"]
[EventType "swiss"]
[EventRounds "9"]
[EventCountry "DEN"]
[SourceTitle "EXT 2010"]
[Source "ChessBase"]
[SourceDate "2010.11.25"]
[SourceVersion "1"]
[SourceVersionDate "2010.11.25"]
[SourceQuality "1"]

1. d4 Nf6 2. Nf3 g6 3. Bf4 Bg7 4. e3 d6 5. h3 0-0 6. Nbd2 Nbd7 7. Be2 Nh5 8. Bh2 e5 9. dxe5 dxe5 10. Nc4 Qe7 11. g4 Nhf6 12. c3 Ne8 13. Qc2 a5 14. a4 Nd6 15. Rd1 Nxc4 16. Bxc4 Nb6 17. Be2 Bd7 18. b3 Bc6 19. e4 Nd7 20. Bc4 Nc5 21. Bd5 Bd7 22. 0-0 c6 23. Bc4 Kh8 24. Bg3 h5 25. Bh4 f6 26. Nh2 g5 27. f4 gxh4 28. f5 Be8 29. Nf3 Bh6 30. Qf2 Nxe4 31. Qxh4 Bf4 32. Qe1 Ng5 33. Kg2 Nxf3 34. Rxf3 Rd8 35. Rxd8 Qxd8 36. Rd3 Qc7 37. Qd1 h4 38. Rd8 Bg5 39. Be6 Kg7 40. Qd3 c5 41. Rc8 Bc6+ 42. Kf1 Rxc8 0-1

[Event "Nordic-ch Seniors"]
[Site "Helsingor"]
[Date "2007.07.22"]
[Round "2"]
[White "Olesen, Holger Vestergaard"]
[Black "Bue, Gunnar"]
[Result "1-0"]
[WhiteElo "1996"]
[BlackElo "1809"]
[PlyCount "81"]
[EventDate "2007.07.21"]
[EventType "swiss"]
[EventRounds "9"]
[EventCountry "DEN"]
[SourceTitle "EXT 2010"]
[Source "ChessBase"]
[SourceDate "2010.11.25"]
[SourceVersion "1"]
[SourceVersionDate "2010.11.25"]
[SourceQuality "1"]

1. d4 Nf6 2. Nf3 e6 3. g3 b6 4. Bg2 Bb7 5. 0-0 Be7 6. c4 d5 7. cxd5 exd5 8. Nc3 0-0 9. Bg5 h6 10. Bd2 Ne4 11. Rc1 c5 12. Bf4 g5 13. Be3 f5 14. Ne5 Kg7 15. f4 Nc6 16. Nxe4 fxe4 17. Nxc6 Bxc6 18. dxc5 b5 19. Bd4+ Bf6 20. fxg5 hxg5 21. e3 Kg6 22. Bh3 Bxd4 23. Qxd4 Qe7 24. Bg4 a5 25. Be2 Rxf1+ 26. Rxf1 Rf8 27. Rxf8 Qxf8 28. b3 b4 29. Kg2 Qe7 30. Qh8 Qg7 31. Bh5+ Kf6 32. Qd8+ Qe7 33. Qxa5 Qe5 34. Qd8+ Qe7 35. Qh8+ Qg7 36. Qc8 Bd7 37. Qa6+ Be6 38. Bg4 Qe7 39. Bxe6 Qxe6 40. Qxe6+ Kxe6 41. h4 1-0